Hành trình dài về quê nhà : Cẩm nang hướng dẫn kiếm tìm ý nghĩa cuộc sống = Long journey home

Những câu chuyện phong phú, sâu sắc và có thực được thuật lại trong sách đã đưa ra những triết lý sâu xa và vẽ nên các nẻo đường hướng tới sự sáng suốt, được dẫn giải bởi vô số nhà tầm đạo uyên bác qua nhiều thế kỷ....

Full description

Saved in:
Bibliographic Details
Main Author: Guinness, Os
Format: Book
Language:Undetermined
Published: Thanh Hóa Nxb. Thanh Hóa 2013
Subjects:
Tags: Add Tag
No Tags, Be the first to tag this record!
Institutions: Trung tâm Học liệu Trường Đại học Cần Thơ
LEADER 01140nam a2200229Ia 4500
001 CTU_193693
008 210402s9999 xx 000 0 und d
020 |c 69000 
082 |a 248.4 
082 |b G964 
100 |a Guinness, Os 
245 0 |a Hành trình dài về quê nhà : 
245 0 |b Cẩm nang hướng dẫn kiếm tìm ý nghĩa cuộc sống = Long journey home 
245 0 |c Os Guinness ; Nguyễn Tiến Văn, Hà Vũ Trọng (dịch) 
260 |a Thanh Hóa 
260 |b Nxb. Thanh Hóa 
260 |c 2013 
520 |a Những câu chuyện phong phú, sâu sắc và có thực được thuật lại trong sách đã đưa ra những triết lý sâu xa và vẽ nên các nẻo đường hướng tới sự sáng suốt, được dẫn giải bởi vô số nhà tầm đạo uyên bác qua nhiều thế kỷ. 
650 |a Life,Cuộc sống 
650 |x Religious aspects,Christianity,Khía cạnh tôn giáo,Kitô giáo 
910 |a Hải 
980 |a Trung tâm Học liệu Trường Đại học Cần Thơ